[Event "Catarinense-ch"]
[Site "Concordia"]
[Date "2025.03.02"]
[Round "6"]
[White "Pavao, Fabio Biasi"]
[Black "Mariani, Kim Paul"]
[Result "1/2-1/2"]
[WhiteElo "1898"]
[BlackElo "1756"]
[PlyCount "67"]
[EventDate "2025.02.28"]
[EventType "swiss"]
[EventRounds "6"]
[EventCountry "BRA"]
[SourceTitle "CB10_2025"]
[SourceDate "2025.03.05"]
[SourceVersion "1"]
[SourceVersionDate "2025.03.05"]
[SourceQuality "1"]

1. c4 e6 2. g3 d5 3. Nf3 c6 4. b3 Nf6 5. Bg2 Be7 6. Bb2 0-0 7. 0-0 Nbd7 8. Nc3 Re8 9. e3 b6 10. Re1 e5 11. d3 Bb7 12. Rc1 Bf8 13. cxd5 cxd5 14. Nb5 Rc8 15. Rxc8 Qxc8 16. Qd2 a6 17. Rc1 Qb8 18. Nc3 Rc8 19. Ne2 Bd6 20. Rxc8+ Qxc8 21. Qc1 Qxc1+ 22. Nxc1 a5 23. Nd2 b5 24. a3 Ne8 25. d4 e4 26. Na2 Nc7 27. Bc3 a4 28. b4 f5 29. Bb2 Nf6 30. Nc3 g5 31. Bf1 Bc6 32. f4 g4 33. Bc1 Kf7 34. Kf2 1/2-1/2

[Event "Catarinense-ch"]
[Site "Concordia"]
[Date "2025.03.02"]
[Round "5"]
[White "Umetsubo, Cesar Hidemitsu"]
[Black "Pavao, Fabio Biasi"]
[Result "1-0"]
[WhiteElo "2355"]
[BlackElo "1898"]
[PlyCount "33"]
[EventDate "2025.02.28"]
[EventType "swiss"]
[EventRounds "6"]
[EventCountry "BRA"]
[SourceTitle "CB10_2025"]
[SourceDate "2025.03.05"]
[SourceVersion "1"]
[SourceVersionDate "2025.03.05"]
[SourceQuality "1"]

1. d4 c5 2. d5 g6 3. e4 d6 4. f4 Bg7 5. Nc3 Nf6 6. Bb5+ Nfd7 7. a4 0-0 8. Nf3 Qa5 9. Bd2 a6 10. Be2 Qb4 11. 0-0 c4 12. Qc1 a5 13. e5 Na6 14. Nb5 Qc5+ 15. Be3 Qxd5 16. Rd1 Qe4 17. Ng5 1-0

[Event "Catarinense-ch"]
[Site "Concordia"]
[Date "2025.03.01"]
[Round "4"]
[White "Pavao, Fabio Biasi"]
[Black "Florianovitz, Derlei Alex"]
[Result "1-0"]
[WhiteElo "1898"]
[BlackElo "2068"]
[PlyCount "57"]
[EventDate "2025.02.28"]
[EventType "swiss"]
[EventRounds "6"]
[EventCountry "BRA"]
[SourceTitle "CB10_2025"]
[SourceDate "2025.03.05"]
[SourceVersion "1"]
[SourceVersionDate "2025.03.05"]
[SourceQuality "1"]

1. c4 e6 2. g3 d5 3. Nf3 Nf6 4. Bg2 c5 5. cxd5 exd5 6. d4 h6 7. 0-0 Nc6 8. Nc3 Be6 9. b3 a6 10. Ba3 Qa5 11. Bb2 b5 12. Ne5 Qc7 13. Nxc6 Qxc6 14. dxc5 Bxc5 15. e3 Rd8 16. Ne2 Bg4 17. Nd4 Bxd4 18. Qxd4 0-0 19. Qf4 h5 20. h3 Bc8 21. Rac1 Qe6 22. Bxf6 gxf6 23. Rfd1 Kg7 24. Rc5 Bb7 25. Qd4 Rc8 26. Bxd5 Bxd5 27. Rxd5 Qxh3 28. Rg5+ Kh7 29. Qxf6 1-0

[Event "Florianopolis op 11th"]
[Site "Florianopolis"]
[Date "2025.01.18"]
[Round "1"]
[White "Zanghelini, Pedro Miguel"]
[Black "Pavao, Fabio Biasi"]
[Result "1/2-1/2"]
[WhiteElo "1800"]
[BlackElo "1898"]
[PlyCount "119"]
[EventDate "2025.01.18"]
[EventType "swiss"]
[EventRounds "10"]
[EventCountry "BRA"]
[SourceTitle "CB05_2025"]
[SourceDate "2025.01.29"]
[SourceVersion "1"]
[SourceVersionDate "2025.01.29"]
[SourceQuality "1"]

1. e4 c5 2. Nf3 g6 3. d4 cxd4 4. Nxd4 Bg7 5. Be3 Nc6 6. c4 Nf6 7. Nc3 Ng4 8. Qxg4 Nxd4 9. Qd1 Nc6 10. Be2 d6 11. Qd2 Be6 12. Rc1 0-0 13. 0-0 Rc8 14. b3 Qa5 15. f4 f5 16. Bf3 a6 17. exf5 Bxf5 18. Bxc6 bxc6 19. Rfe1 e5 20. Ne2 Qxd2 21. Bxd2 d5 22. cxd5 cxd5 23. fxe5 Bxe5 24. Bc3 Bxc3 25. Rxc3 Rxc3 26. Nxc3 Rd8 27. Re5 d4 28. Rd5 Rd7 29. Rxd7 Bxd7 30. Ne4 Kf7 31. g3 Bc6 32. Ng5+ Kf6 33. Nxh7+ Ke5 34. Kf2 Kd5 35. Nf8 Be8 36. Ke2 Ke5 37. Kd3 g5 38. h4 gxh4 39. gxh4 Bb5+ 40. Kd2 Kf5 41. h5 Kg5 42. Ne6+ Kxh5 43. Nxd4 Bd7 44. Kc3 Kg5 45. Kc4 Kf4 46. Kc5 Ke3 47. Nc6 Kd2 48. Nb8 Be6 49. Kb4 a5+ 50. Kxa5 Kc3 51. b4 Bxa2 52. b5 Bd5 53. Nd7 Kd4 54. Nb6 Bf3 55. Nd7 Bg2 56. b6 Bb7 57. Kb5 Kd5 58. Nb8 Kd6 59. Na6 Bg2 60. Nb4 1/2-1/2

[Event "BRA-ch Amateurs U2300"]
[Site "Sao Paulo"]
[Date "2024.05.30"]
[Round "2"]
[White "Silva, Caio Henrique Angel"]
[Black "Pavao, Fabio Biasi"]
[Result "1-0"]
[WhiteElo "2094"]
[BlackElo "1894"]
[PlyCount "55"]
[EventDate "2024.05.30"]
[EventType "swiss"]
[EventRounds "7"]
[EventCountry "BRA"]
[SourceTitle "CBM 220 Extra"]
[Source "ChessBase"]
[SourceDate "2024.07.31"]
[SourceVersion "1"]
[SourceVersionDate "2024.07.31"]
[SourceQuality "1"]

1. d4 Nf6 2. c4 g6 3. Nf3 Bg7 4. e3 c5 5. d5 0-0 6. Nc3 e6 7. Be2 exd5 8. cxd5 d6 9. 0-0 Bg4 10. Qb3 Qd7 11. e4 Na6 12. e5 Ne8 13. e6 Qe7 14. h3 Bxf3 15. Bxf3 Nec7 16. Re1 Nb4 17. exf7+ Qxf7 18. Ne4 Be5 19. Nxc5 Nbxd5 20. Nd3 Nf4 21. Nxe5 Qxb3 22. axb3 dxe5 23. Bxb7 Rab8 24. Be4 Rxb3 25. Bxf4 Rxf4 26. Rxa7 Rxb2 27. Rxc7 Rbxf2 28. Bd5+ 1-0

[Event "Florianopolis Autumn op"]
[Site "Florianopolis"]
[Date "2024.04.14"]
[Round "6"]
[White "Pavao, Fabio Biasi"]
[Black "Marques Junior, Marcos Antonio"]
[Result "1-0"]
[WhiteElo "1884"]
[BlackElo "1887"]
[PlyCount "196"]
[EventDate "2024.04.12"]
[EventType "swiss"]
[EventRounds "6"]
[EventCountry "BRA"]
[SourceTitle "CBM 219 Extra"]
[Source "ChessBase"]
[SourceDate "2024.05.31"]
[SourceVersion "1"]
[SourceVersionDate "2024.05.31"]
[SourceQuality "1"]

1. c4 e6 2. Nf3 d5 3. g3 d4 4. Bg2 Nf6 5. 0-0 Be7 6. d3 0-0 7. e3 c5 8. Na3 Nc6 9. exd4 cxd4 10. Nc2 a5 11. Bd2 e5 12. Re1 Nd7 13. b3 f6 14. a3 Nc5 15. Bxa5 b6 16. Bb4 Nxb3 17. Rb1 Nc5 18. Nxe5 Nxe5 19. Bxc5 Bxc5 20. Bxa8 Bg4 21. Bd5+ Qxd5 22. cxd5 Bxd1 23. Rexd1 Re8 24. Kg2 g5 25. Re1 Rd8 26. Nb4 Bxb4 27. axb4 Rxd5 28. Rb3 g4 29. h4 Rd7 30. Rc1 Ra7 31. Rd1 Kf7 32. Kf1 Ra2 33. b5 Ke6 34. Rbb1 Nf3 35. Kg2 Kd5 36. Ra1 Rb2 37. Ra7 Rxb5 38. Rxh7 Ke6 39. h5 Re5 40. Rc1 b5 41. Rc6+ Kf5 42. Rf7 Ne1+ 43. Kf1 Nxd3 44. Rfxf6+ Ke4 45. h6 Rh5 46. Rfe6+ Kf3 47. Rf6+ Ke4 48. Rfe6+ Kf3 49. Rf6+ Ke4 50. Rce6+ Ne5 51. Rf4+ Kd5 52. Rb6 Kc5 53. Re6 d3 54. h7 Kd5 55. Rxe5+ Kxe5 56. Ke1 Rxh7 57. Kd2 Rd7 58. Rxg4 Kf5 59. Rb4 Rd5 60. f3 Kg5 61. Rb3 Kf6 62. Rxd3 Rg5 63. f4 Rg8 64. Kc3 Kf5 65. Kb4 Ke4 66. Rc3 Kd4 67. Rf3 Ke4 68. Rb3 Rb8 69. Kc5 Ra8 70. Kxb5 Rb8+ 71. Ka4 Ra8+ 72. Kb4 Rc8 73. Ka3 Kf5 74. Rb5+ Kg4 75. Rg5+ Kf3 76. Kb4 Ke4 77. Kb5 Rc1 78. Kb6 Rc3 79. f5 Ke5 80. g4 Kf6 81. Rg6+ Kf7 82. Rc6 Rg3 83. Rc4 Kf6 84. Kc6 Rg1 85. Re4 Kf7 86. Kd5 Kf6 87. Re6+ Kf7 88. Rg6 Rf1 89. Ke5 Ra1 90. Kf4 Ra4+ 91. Kg5 Rb4 92. Rh6 Rb5 93. Rh7+ Kg8 94. Rc7 Kh8 95. Kg6 Rb8 96. f6 Rg8+ 97. Rg7 Rxg7+ 98. fxg7+ Kg8 1-0

[Event "Florianopolis Autumn op"]
[Site "Florianopolis"]
[Date "2024.04.13"]
[Round "4"]
[White "Pavao, Fabio Biasi"]
[Black "Casalaspro, Mathias Andre"]
[Result "0-1"]
[WhiteElo "1884"]
[BlackElo "2107"]
[PlyCount "82"]
[EventDate "2024.04.12"]
[EventType "swiss"]
[EventRounds "6"]
[EventCountry "BRA"]
[SourceTitle "CBM 219 Extra"]
[Source "ChessBase"]
[SourceDate "2024.05.31"]
[SourceVersion "1"]
[SourceVersionDate "2024.05.31"]
[SourceQuality "1"]

1. c4 Nf6 2. Nc3 g6 3. g3 Bg7 4. Bg2 0-0 5. e3 d6 6. Nge2 e5 7. 0-0 Re8 8. d3 c6 9. b4 d5 10. cxd5 cxd5 11. d4 e4 12. Qb3 Na6 13. f3 exf3 14. Bxf3 Bh3 15. Re1 Nc7 16. Nf4 Be6 17. Bd2 Ne4 18. Nxe4 dxe4 19. Nxe6 Nxe6 20. Bg2 Kh8 21. Kh1 f5 22. Rac1 h5 23. Rc2 Rc8 24. Rxc8 Qxc8 25. Rc1 Qd7 26. Bf1 Ng5 27. a4 a6 28. b5 Nf3 29. Ba5 Rc8 30. Rxc8+ Qxc8 31. Qc3 Qe6 32. Bc4 Qd7 33. Qb3 f4 34. Be6 Qe7 35. bxa6 bxa6 36. Qb8+ Bf8 37. Bc3 fxe3 38. Qf4 Kh7 39. Qxe4 Ng5 40. Qxe3 Nxe6 41. Qe5 Bg7 0-1

[Event "Florianopolis op 10th"]
[Site "Florianopolis"]
[Date "2024.01.22"]
[Round "3"]
[White "Pavao, Fabio Biasi"]
[Black "Ferreira de Souza, Ricardo"]
[Result "1-0"]
[WhiteElo "1783"]
[BlackElo "1329"]
[PlyCount "55"]
[EventDate "2024.01.20"]
[EventType "swiss"]
[EventRounds "10"]
[EventCountry "BRA"]
[SourceTitle "CBM 218 Extra"]
[Source "ChessBase"]
[SourceDate "2024.03.31"]
[SourceVersion "1"]
[SourceVersionDate "2024.03.31"]
[SourceQuality "1"]

1. c4 Nf6 2. g3 g6 3. Bg2 Bg7 4. Nc3 0-0 5. e3 Nc6 6. Nge2 d6 7. d4 Re8 8. 0-0 e5 9. b3 Bg4 10. h3 Bd7 11. Bb2 e4 12. a3 Qc8 13. Kh2 h5 14. Qc2 Bf5 15. Nf4 Nxd4 16. exd4 e3 17. Qe2 Ne4 18. Nxe4 Bxe4 19. fxe3 Bxg2 20. Kxg2 Re4 21. Qf2 Qd7 22. Rae1 Rae8 23. Kh2 Bh6 24. d5 b5 25. Bd4 a6 26. cxb5 Qxb5 27. Nxh5 Qxd5 28. Nf6+ 1-0

[Event "Florianopolis op-A 04"]
[Site "Florianopolis"]
[Date "2023.05.01"]
[Round "6"]
[White "Pavao, Fabio Biasi"]
[Black "Borges, Leonardo Fernandes"]
[Result "1/2-1/2"]
[WhiteElo "1797"]
[BlackElo "1856"]
[PlyCount "20"]
[EventDate "2023.04.28"]
[EventType "swiss"]
[EventRounds "6"]
[EventCountry "BRA"]
[SourceTitle "CBM 214 Extra"]
[Source "ChessBase"]
[SourceDate "2023.07.31"]
[SourceVersion "1"]
[SourceVersionDate "2023.07.31"]
[SourceQuality "1"]

1. c4 c5 2. g3 g6 3. Bg2 Bg7 4. Nf3 Nf6 5. d3 d6 6. b3 b6 7. Bb2 Bb7 8. Nc3 Nc6 9. 0-0 0-0 10. Re1 Re8 1/2-1/2

[Event "Florianopolis op-A 04"]
[Site "Florianopolis"]
[Date "2023.04.29"]
[Round "3"]
[White "Pavao, Fabio Biasi"]
[Black "Volkmann, Andre Jordi"]
[Result "1/2-1/2"]
[WhiteElo "1797"]
[BlackElo "2158"]
[PlyCount "115"]
[EventDate "2023.04.28"]
[EventType "swiss"]
[EventRounds "6"]
[EventCountry "BRA"]
[SourceTitle "CBM 214 Extra"]
[Source "ChessBase"]
[SourceDate "2023.07.31"]
[SourceVersion "1"]
[SourceVersionDate "2023.07.31"]
[SourceQuality "1"]

1. c4 Nf6 2. g3 c6 3. Bg2 d5 4. Nf3 dxc4 5. Qc2 g6 6. Qxc4 Bg7 7. 0-0 0-0 8. Nc3 Nbd7 9. d3 e5 10. Rd1 Qe7 11. Be3 Re8 12. Ne4 Nxe4 13. dxe4 c5 14. Bg5 Bf6 15. Be3 b6 16. Bh3 Nf8 17. Bxc8 Raxc8 18. Bd2 Ne6 19. e3 Red8 20. Bc3 Nc7 21. Qa4 Ne8 22. Rxd8 Rxd8 23. Rd1 Nd6 24. Qc2 Bg7 25. Rd5 f6 26. b4 c4 27. b5 Qc7 28. Bb4 Bf8 29. Nd2 Rc8 30. Qc3 Nf7 31. Bxf8 Kxf8 32. Nb1 Kg8 33. Na3 Nd6 34. f3 Kf7 35. Nc2 Rd8 36. Nb4 Rd7 37. a4 Kg7 38. Na6 Qc8 39. Nb4 Nf7 40. Nc6 Ng5 41. Kg2 Rxd5 42. exd5 Qh3+ 43. Kg1 Nxf3+ 44. Kf2 e4 45. Ke2 Qxh2+ 46. Kd1 Ne5 47. Nxe5 Qg1+ 48. Kc2 Qf2+ 49. Kb1 Qf1+ 50. Ka2 Qf2+ 51. Ka3 fxe5 52. Qxe5+ Qf6 53. Qc7+ Kh6 54. Qxc4 Qa1+ 55. Kb3 Qb1+ 56. Ka3 Qa1+ 57. Kb3 Qb1+ 58. Ka3 1/2-1/2

[Event "Catarinense-ch U20"]
[Site "Rio Negrinho"]
[Date "2023.03.26"]
[Round "6"]
[White "Bittencourt, Arian G Decezare"]
[Black "Pavao, Fabio Biasi"]
[Result "1-0"]
[WhiteElo "1474"]
[BlackElo "1811"]
[PlyCount "57"]
[EventDate "2023.03.24"]
[EventType "swiss"]
[EventRounds "6"]
[EventCountry "BRA"]
[SourceTitle "CBM 213 Extra"]
[Source "ChessBase"]
[SourceDate "2023.05.31"]
[SourceVersion "1"]
[SourceVersionDate "2023.05.31"]
[SourceQuality "1"]

1. e4 c5 2. Nf3 g6 3. g3 Bg7 4. d3 e6 5. Bg2 Ne7 6. 0-0 Nbc6 7. Nbd2 0-0 8. Re1 d5 9. e5 Qc7 10. Qe2 b6 11. Nf1 Bb7 12. h4 h5 13. N1h2 Nf5 14. c3 d4 15. c4 a6 16. g4 hxg4 17. Nxg4 Nce7 18. Bg5 Kh8 19. h5 Ng8 20. Nd2 Bh6 21. Nxh6 Ngxh6 22. Ne4 Kh7 23. Bf6 Rae8 24. Kh2 Bxe4 25. Bxe4 Rg8 26. Rg1 g5 27. Qf3 Qb8 28. Rg2 g4 29. Qf4 1-0

[Event "Catarinense-ch U20"]
[Site "Rio Negrinho"]
[Date "2023.03.24"]
[Round "2"]
[White "Pavao, Fabio Biasi"]
[Black "Umetsubo, Cesar Hidemitsu"]
[Result "1/2-1/2"]
[WhiteElo "1811"]
[BlackElo "2342"]
[PlyCount "104"]
[EventDate "2023.03.24"]
[EventType "swiss"]
[EventRounds "6"]
[EventCountry "BRA"]
[SourceTitle "CBM 213 Extra"]
[Source "ChessBase"]
[SourceDate "2023.05.31"]
[SourceVersion "1"]
[SourceVersionDate "2023.05.31"]
[SourceQuality "1"]

1. c4 c5 2. g3 Nf6 3. Bg2 d5 4. cxd5 Nxd5 5. Nc3 Nc7 6. Nf3 Nc6 7. 0-0 e5 8. b3 Be7 9. Bb2 0-0 10. Rc1 f6 11. Qc2 Bg4 12. Ne4 b6 13. h3 Be6 14. d3 Qd7 15. Kh2 Rac8 16. Rfd1 Nd5 17. e3 Kh8 18. Qe2 Rfe8 19. d4 cxd4 20. exd4 f5 21. Nc3 e4 22. Ne5 Qb7 23. Nxd5 Bxd5 24. Qh5 Nxe5 25. dxe5 Be6 26. Qe2 Rxc1 27. Rxc1 Rc8 28. Rxc8+ Qxc8 29. f3 exf3 30. Bxf3 Qc5 31. Kg2 Kg8 32. g4 fxg4 33. Bxg4 Bxg4 34. hxg4 Qd5+ 35. Qf3 Qd2+ 36. Qf2 Qxf2+ 37. Kxf2 Kf7 38. Kf3 Ke6 39. Ke4 Bh4 40. Kf4 Bf2 41. Kf3 Bg1 42. Bc3 Bh2 43. Ke4 h6 44. Bd4 g6 45. a4 h5 46. gxh5 gxh5 47. a5 bxa5 48. Bxa7 Bxe5 49. Bb6 Bc3 50. Kf4 Bd2+ 51. Kg3 Be1+ 52. Kh3 Kd5 1/2-1/2

[Event "BRA Amateur-ch U2200"]
[Site "Sao Paulo"]
[Date "2022.11.05"]
[Round "6"]
[White "Pavao, Fabio Biasi"]
[Black "Ikejiri, Daniel Yoshito"]
[Result "1/2-1/2"]
[WhiteElo "1741"]
[BlackElo "1939"]
[PlyCount "138"]
[EventDate "2022.11.03"]
[EventType "swiss"]
[EventRounds "7"]
[EventCountry "BRA"]
[SourceTitle "CBM 211 Extra"]
[Source "ChessBase"]
[SourceDate "2023.01.31"]
[SourceVersion "1"]
[SourceVersionDate "2023.01.31"]
[SourceQuality "1"]

1. c4 e6 2. g3 d5 3. Bg2 Nf6 4. Nf3 Be7 5. 0-0 0-0 6. b3 c5 7. cxd5 exd5 8. d4 Nc6 9. Bb2 b6 10. Nc3 Bb7 11. e3 Re8 12. Ne5 Bf8 13. Nxc6 Bxc6 14. dxc5 bxc5 15. Qc2 Qc7 16. Rfd1 Rad8 17. Ne2 Ne4 18. Rac1 Qe7 19. Bxe4 dxe4 20. Rxd8 Qxd8 21. b4 Bb5 22. bxc5 Qa5 23. Bd4 Qa3 24. Nf4 Rc8 25. Rb1 Bc6 26. Rb3 Qa5 27. Rc3 Rb8 28. Kg2 h6 29. Rb3 Rc8 30. Qb2 Qc7 31. Nh5 f6 32. Nf4 Qf7 33. Rb8 Qc7 34. Qb3+ Kh7 35. Rxc8 Qxc8 36. Qf7 Qe8 37. Qxe8 Bxe8 38. Nd5 f5 39. Nb4 Kg6 40. a3 a5 41. Na6 Kf7 42. Nb8 Ke6 43. c6 Bxa3 44. Bxg7 Bd6 45. Nd7 h5 46. Nf6 Bxc6 47. Nxh5 Be5 48. Nf4+ Kd6 49. Bf8+ Kd7 50. Ne2 Ke8 51. Bc5 Bd7 52. f3 exf3+ 53. Kxf3 Bc6+ 54. Kf2 Kf7 55. Nd4 Be4 56. h3 a4 57. g4 fxg4 58. hxg4 Kg6 59. Ba3 Kf6 60. g5+ Kxg5 61. Nf3+ Bxf3 62. Kxf3 Kf5 63. Ke2 Ke4 64. Kd2 Bc7 65. Bc5 Kd5 66. Be7 Kc4 67. Kc2 Be5 68. e4 Kd4 69. Kb2 Kxe4+ 1/2-1/2

[Event "BRA Amateur-ch U2200"]
[Site "Sao Paulo"]
[Date "2022.11.04"]
[Round "3"]
[White "De Souza, David Barroso"]
[Black "Pavao, Fabio Biasi"]
[Result "0-1"]
[WhiteElo "2001"]
[BlackElo "1741"]
[PlyCount "124"]
[EventDate "2022.11.03"]
[EventType "swiss"]
[EventRounds "7"]
[EventCountry "BRA"]
[SourceTitle "CBM 211 Extra"]
[Source "ChessBase"]
[SourceDate "2023.01.31"]
[SourceVersion "1"]
[SourceVersionDate "2023.01.31"]
[SourceQuality "1"]

1. Nf3 c5 2. c4 g6 3. d4 cxd4 4. Nxd4 Bg7 5. Nc3 Nc6 6. Be3 Nf6 7. Nxc6 bxc6 8. Bd4 0-0 9. e4 Qa5 10. Bd3 d5 11. cxd5 cxd5 12. e5 Nd7 13. f4 Qb4 14. Be2 a5 15. 0-0 e6 16. a3 Qb8 17. Bb5 Rd8 18. Qd3 Bf8 19. Na4 Qb7 20. Rac1 Rb8 21. Bc6 Qb3 22. Rc3 Qa2 23. Ba7 Rxb2 24. Nxb2 Qxb2 25. Rb1 Qa2 26. Qd1 Ba6 27. Bb5 Ra8 28. Ra1 Qb2 29. Rb3 Qxa1 30. Qxa1 Rxa7 31. Bxa6 Rxa6 32. Qc1 Nc5 33. Rb8 Rc6 34. h3 Kg7 35. Rb5 d4 36. Rxa5 d3 37. Rb5 Be7 38. a4 Rc7 39. Kf1 Rd7 40. Qd1 Ne4 41. Rb3 d2 42. Re3 Nc5 43. a5 Bd8 44. Ra3 Ne4 45. a6 Bb6 46. Ke2 Rc7 47. Rd3 Rc1 48. Qb3 Re1+ 49. Kf3 Nc5 50. Qc2 Nxd3 51. Qxd2 Rf1+ 52. Kg3 Nxf4 53. h4 Nh5+ 54. Kg4 Rf4+ 55. Kh3 Ra4 56. g4 Nf4+ 57. Kh2 Re4 58. Kg3 Nd5 59. h5 Re3+ 60. Kh4 h6 61. hxg6 fxg6 62. Qb2 g5+ 0-1

[Event "BRA Amateur-ch U2200"]
[Site "Sao Paulo"]
[Date "2022.11.03"]
[Round "1"]
[White "Pavao, Fabio Biasi"]
[Black "Passos, Rafael Moreira"]
[Result "1-0"]
[WhiteElo "1741"]
[BlackElo "1916"]
[PlyCount "73"]
[EventDate "2022.11.03"]
[EventType "swiss"]
[EventRounds "7"]
[EventCountry "BRA"]
[SourceTitle "CBM 211 Extra"]
[Source "ChessBase"]
[SourceDate "2023.01.31"]
[SourceVersion "1"]
[SourceVersionDate "2023.01.31"]
[SourceQuality "1"]

1. c4 c5 2. g3 Nc6 3. Bg2 g6 4. e3 Bg7 5. Ne2 e5 6. 0-0 Nge7 7. Nbc3 0-0 8. b3 d6 9. Bb2 Be6 10. d3 d5 11. e4 d4 12. Nd5 Rb8 13. f4 Qd7 14. fxe5 Nxe5 15. Nef4 Nxd5 16. Nxd5 Bg4 17. Qc2 Bh3 18. Bc1 Be6 19. Bf4 Bxd5 20. exd5 Rbe8 21. Rae1 Ng4 22. Bh3 h5 23. Qd1 f5 24. Bxg4 hxg4 25. Rxe8 Rxe8 26. Re1 Kh7 27. Kf2 Bh6 28. Rxe8 Qxe8 29. Qe2 Qd7 30. Bxh6 Kxh6 31. Qe5 Kh7 32. d6 Qc6 33. Qe7+ Kh6 34. Qf8+ Kh7 35. Qe7+ Kh6 36. d7 Qf3+ 37. Ke1 1-0

[Event "Florianopolis Spring op 2nd"]
[Site "Florianopolis"]
[Date "2022.10.23"]
[Round "5"]
[White "Pavao, Fabio Biasi"]
[Black "Hataby, Raed"]
[Result "1/2-1/2"]
[WhiteElo "1732"]
[BlackElo "1986"]
[PlyCount "80"]
[EventDate "2022.10.21"]
[EventType "swiss"]
[EventRounds "6"]
[EventCountry "BRA"]
[SourceTitle "EXT 2024"]
[Source "ChessBase"]
[SourceDate "2023.10.10"]
[SourceVersion "1"]
[SourceVersionDate "2023.10.10"]
[SourceQuality "1"]

1. c4 e5 2. g3 Nf6 3. Bg2 g6 4. Nc3 Bg7 5. e3 0-0 6. Nge2 d6 7. 0-0 c6 8. d4 Qe7 9. Qc2 Re8 10. dxe5 dxe5 11. e4 Nbd7 12. b3 h5 13. h4 Ng4 14. Nd1 Nf8 15. f3 Nf6 16. Be3 Ne6 17. Nf2 a5 18. a4 Nc5 19. Bh3 Nfd7 20. Rad1 Nf8 21. Bxc8 Raxc8 22. Nc1 Nfe6 23. Ne2 b6 24. Nd3 Nxd3 25. Rxd3 c5 26. Nc3 Nd4 27. Bxd4 exd4 28. Nd5 Qd6 29. Qf2 Re5 30. Re1 Rce8 31. Rdd1 Bh6 32. f4 Rxe4 33. Rxe4 Rxe4 34. Re1 f5 35. Qd2 Qe6 36. Kf2 Bg7 37. Re2 Kf7 38. Qd3 Bf6 39. Kf3 Rxe2 40. Qxe2 Bd8 1/2-1/2

[Event "Florianopolis Spring op 2nd"]
[Site "Florianopolis"]
[Date "2022.10.21"]
[Round "1"]
[White "Pavao, Fabio Biasi"]
[Black "Lobato, Lucas Almeida"]
[Result "1-0"]
[WhiteElo "1732"]
[BlackElo "1842"]
[PlyCount "43"]
[EventDate "2022.10.21"]
[EventType "swiss"]
[EventRounds "6"]
[EventCountry "BRA"]
[SourceTitle "EXT 2024"]
[Source "ChessBase"]
[SourceDate "2023.10.10"]
[SourceVersion "1"]
[SourceVersionDate "2023.10.10"]
[SourceQuality "1"]

1. c4 Nf6 2. g3 g6 3. Bg2 c5 4. Nc3 Bg7 5. e3 0-0 6. Nge2 e6 7. 0-0 d5 8. cxd5 exd5 9. d4 c4 10. b3 cxb3 11. Qxb3 Nc6 12. Nxd5 Nxd5 13. Qxd5 Qe7 14. Qb3 Rd8 15. Ba3 Qg5 16. Nf4 h5 17. h4 Qa5 18. Rac1 g5 19. Rc5 Qb6 20. Rxg5 Qxb3 21. axb3 Bg4 22. Nxh5 1-0

[Event "Concordia op 6th"]
[Site "Concordia"]
[Date "2022.10.14"]
[Round "5"]
[White "Silva, Maria Julia Barbier"]
[Black "Pavao, Fabio Biasi"]
[Result "0-1"]
[WhiteElo "1220"]
[BlackElo "1732"]
[PlyCount "84"]
[EventDate "2022.10.12"]
[EventType "swiss"]
[EventRounds "9"]
[EventCountry "BRA"]
[SourceTitle "CBM 210 Extra"]
[Source "ChessBase"]
[SourceDate "2022.11.30"]
[SourceVersion "1"]
[SourceVersionDate "2022.11.30"]
[SourceQuality "1"]

1. d4 Nf6 2. Nf3 g6 3. Nc3 d5 4. Bf4 Bg7 5. e3 0-0 6. Bd3 b6 7. e4 dxe4 8. Nxe4 Bb7 9. Qe2 Nc6 10. c3 Nh5 11. Be3 e5 12. dxe5 Nxe5 13. Nxe5 Bxe5 14. 0-0-0 Nf4 15. Bxf4 Bxf4+ 16. Kb1 Qe7 17. Rhe1 Bxe4 18. Bxe4 Rad8 19. g3 Bg5 20. Qc2 Qc5 21. h4 Bf6 22. h5 Qxh5 23. f4 Qg4 24. Rd3 Rxd3 25. Qxd3 Rd8 26. Qe3 Rd1+ 27. Kc2 Rxe1 28. Qxe1 h5 29. Bd5 Qd7 30. Bc4 Kg7 31. Be2 Qe6 32. Kb1 Qe4+ 33. Ka1 Qe3 34. a3 a5 35. Qf1 Qxg3 36. f5 h4 37. Bd3 g5 38. Qe2 h3 39. Be4 h2 40. Qg2 Qxg2 41. Bxg2 g4 42. Kb1 Kh6 0-1

[Event "Niteroi op 2nd"]
[Site "Niteroi"]
[Date "2022.09.04"]
[Round "6"]
[White "Pavao, Fabio Biasi"]
[Black "Silva, Juliana Figueira Th"]
[Result "1-0"]
[WhiteElo "1737"]
[BlackElo "1328"]
[PlyCount "131"]
[EventDate "2022.09.01"]
[EventType "swiss"]
[EventRounds "9"]
[EventCountry "BRA"]
[SourceTitle "CBM 210 Extra"]
[Source "ChessBase"]
[SourceDate "2022.11.30"]
[SourceVersion "1"]
[SourceVersionDate "2022.11.30"]
[SourceQuality "1"]

1. c4 Nf6 2. g3 g6 3. Bg2 Bg7 4. Nc3 d6 5. e3 0-0 6. Nge2 e5 7. 0-0 Nbd7 8. d4 Ne8 9. e4 f5 10. dxe5 dxe5 11. f4 Nef6 12. Qc2 fxe4 13. Nxe4 Qe7 14. fxe5 Nxe5 15. Bg5 Bf5 16. N2c3 c6 17. Qe2 Qc7 18. c5 Nxe4 19. Nxe4 Bxe4 20. Bxe4 Nd7 21. Rad1 Kh8 22. b4 Nf6 23. Bg2 Rae8 24. Qc4 Qc8 25. Rde1 Qb8 26. Bf4 Qd8 27. Bd6 Rg8 28. Bh3 Rxe1 29. Rxe1 Re8 30. Re6 Nd5 31. Qe4 Rxe6 32. Bxe6 Nc3 33. Qf4 Nb5 34. Qf7 Nxd6 35. cxd6 Bd4+ 36. Kg2 Bf6 37. d7 b6 38. a4 a6 39. g4 b5 40. axb5 cxb5 41. Bd5 Bh4 42. Qe8+ Kg7 43. Qe6 Qf8 44. Qe5+ Kh6 45. Qe3+ Kg7 46. g5 Qd8 47. Qd4+ Kf8 48. Qxh4 Qxd7 49. Qf4+ Ke8 50. Qb8+ Ke7 51. Qb7 Kd6 52. Qxd7+ Kxd7 53. Bb7 a5 54. bxa5 b4 55. a6 Kc7 56. Kf3 Kb6 57. Kf4 b3 58. Ke5 b2 59. Be4 Kxa6 60. Kf6 Kb5 61. Kg7 h5 62. gxh6 Kc4 63. Kxg6 b1Q 64. Bxb1 Kd4 65. h7 Ke5 66. h8Q+ 1-0

[Event "Niteroi op 2nd"]
[Site "Niteroi"]
[Date "2022.09.01"]
[Round "1"]
[White "Mesias Rojas, Rabindranath"]
[Black "Pavao, Fabio Biasi"]
[Result "1-0"]
[WhiteElo "2227"]
[BlackElo "1737"]
[PlyCount "82"]
[EventDate "2022.09.01"]
[EventType "swiss"]
[EventRounds "9"]
[EventCountry "BRA"]
[SourceTitle "CBM 210 Extra"]
[Source "ChessBase"]
[SourceDate "2022.11.30"]
[SourceVersion "1"]
[SourceVersionDate "2022.11.30"]
[SourceQuality "1"]

1. e4 c5 2. Nc3 g6 3. Bc4 Bg7 4. Qf3 e6 5. Nb5 d6 6. Qg3 e5 7. Qb3 Nh6 8. d4 0-0 9. dxc5 dxc5 10. Be3 a6 11. Rd1 Qa5+ 12. Bd2 Qb6 13. Nc3 Qxb3 14. Bxb3 b5 15. Bd5 Ra7 16. f3 Kh8 17. h4 f6 18. h5 g5 19. Be3 Rc7 20. Nge2 Nd7 21. a4 b4 22. Nb1 Nb6 23. a5 Na4 24. b3 Nb2 25. Rd2 c4 26. Bb6 Rd7 27. Bxc4 Nxc4 28. bxc4 f5 29. Ng3 g4 30. 0-0 gxf3 31. gxf3 fxe4 32. Nxe4 Nf5 33. Rxd7 Bxd7 34. Nbd2 Nd4 35. Bxd4 exd4 36. f4 Rf5 37. Rb1 Bf8 38. c5 Bxc5 39. Nxc5 Rxc5 40. Rxb4 Rxh5 41. Rxd4 Be6 1-0